[Event "Oberliga Nord W 2122"]
[Site "Germany"]
[Date "2021.12.12"]
[Round "4.8"]
[White "Bade, Hans Juergen"]
[Black "Koschetzki, Christian"]
[Result "1/2-1/2"]
[WhiteElo "1977"]
[BlackElo "1953"]
[PlyCount "40"]
[EventDate "2021.10.10"]
[EventType "team-tourn"]
[EventRounds "9"]
[EventCountry "GER"]
[SourceTitle "EXT 2023"]
[Source "ChessBase"]
[SourceDate "2022.10.05"]
[SourceVersion "1"]
[SourceVersionDate "2022.10.05"]
[SourceQuality "1"]
[WhiteTeam "Hellern"]
[BlackTeam "Salzgitter"]
[WhiteTeamCountry "GER"]
[BlackTeamCountry "GER"]

1. e4 c5 2. Nc3 e6 3. f4 Nc6 4. Nf3 Nf6 5. Bb5 Be7 6. 0-0 Nd4 7. a4 Nxb5 8. axb5 d6 9. Qe2 0-0 10. Kh1 d5 11. e5 Ne8 12. b3 g6 13. d4 Ng7 14. dxc5 Bxc5 15. Na4 Be7 16. Nd4 Bd7 17. Be3 a6 18. bxa6 bxa6 19. Rfd1 Qc7 20. c4 dxc4 1/2-1/2

[Event "Oberliga Nord W 1718"]
[Site "Germany"]
[Date "2018.04.15"]
[Round "9.6"]
[White "Giel, Olaf"]
[Black "Bade, Hans Juergen"]
[Result "1/2-1/2"]
[WhiteElo "2147"]
[BlackElo "1998"]
[PlyCount "89"]
[EventDate "2017.10.08"]
[EventType "team-tourn"]
[EventRounds "9"]
[EventCountry "GER"]
[SourceTitle "EXT 2019"]
[Source "ChessBase"]
[SourceDate "2018.10.10"]
[SourceVersion "1"]
[SourceVersionDate "2018.10.10"]
[SourceQuality "1"]
[WhiteTeam "Bremer SG"]
[BlackTeam "Hellern"]
[WhiteTeamCountry "GER"]
[BlackTeamCountry "GER"]

1. d4 c5 2. e3 e6 3. Bd3 Nf6 4. Nf3 b6 5. Qe2 Bb7 6. 0-0 Be7 7. e4 cxd4 8. Nxd4 d6 9. Bb5+ Nfd7 10. Nc3 0-0 11. f4 a6 12. Bd3 Nc5 13. Be3 Nbd7 14. Rf3 Re8 15. Rh3 Nxd3 16. cxd3 g6 17. Nf3 f5 18. Bf2 Bf6 19. d4 b5 20. a3 fxe4 21. Nxe4 Bxe4 22. Qxe4 Nb6 23. Bh4 Bxh4 24. Rxh4 Ra7 25. Ng5 Qf6 26. Rd1 Rc7 27. Qe1 Nd5 28. Ne4 Qd8 29. Rg4 Nf6 30. Rg5 Nxe4 31. Qxe4 Qf6 32. h4 Rec8 33. Rd2 Rc1+ 34. Kh2 Kf7 35. h5 R8c7 36. Rd3 Rf1 37. Rdg3 Rxf4 38. hxg6+ hxg6 39. Qxg6+ Qxg6 40. Rxg6 Rh4+ 41. Kg1 Rc1+ 42. Kf2 Rxd4 43. Rg7+ Kf6 44. Ke3 Rdd1 45. R3g6+ 1/2-1/2

[Event "Oberliga Nord W 1718"]
[Site "Germany"]
[Date "2018.02.04"]
[Round "6.7"]
[White "Hoellmann, Ludger"]
[Black "Bade, Hans Juergen"]
[Result "0-1"]
[WhiteElo "2151"]
[BlackElo "1998"]
[PlyCount "136"]
[EventDate "2017.10.08"]
[EventType "team-tourn"]
[EventRounds "9"]
[EventCountry "GER"]
[SourceTitle "EXT 2019"]
[Source "ChessBase"]
[SourceDate "2018.10.10"]
[SourceVersion "1"]
[SourceVersionDate "2018.10.10"]
[SourceQuality "1"]
[WhiteTeam "Nordhorn Blanke"]
[BlackTeam "Hellern"]
[WhiteTeamCountry "GER"]
[BlackTeamCountry "GER"]

1. Nf3 Nf6 2. c4 e6 3. g3 b6 4. Bg2 Bb7 5. 0-0 Be7 6. Nc3 0-0 7. Re1 d5 8. cxd5 Nxd5 9. d4 Nxc3 10. bxc3 Nd7 11. Qd3 a5 12. Ng5 Bxg5 13. Bxb7 Ra7 14. Bc6 Be7 15. Bb2 a4 16. a3 Nb8 17. Bg2 Qd7 18. Red1 Rd8 19. c4 Bf6 20. Qc2 Qe7 21. e4 g6 22. e5 Bg7 23. f4 c6 24. Bc3 Bf8 25. Qb2 Qc7 26. Kh1 Na6 27. Bf3 Raa8 28. Qe2 Rac8 29. Bb2 Qa7 30. Rac1 Qa8 31. Rc2 Rc7 32. Rcd2 Rcd7 33. Qe3 Qb7 34. g4 b5 35. cxb5 Qxb5 36. f5 Nc7 37. Rc2 Nd5 38. Qc1 Qb3 39. Be2 Qe3 40. Rd3 Qe4+ 41. Rf3 c5 42. Qd2 cxd4 43. fxe6 fxe6 44. Qd3 Qxd3 45. Bxd3 Ne3 46. Re2 Rf7 47. Rxf7 Kxf7 48. h3 Nd1 49. Bc1 Rc8 50. Rc2 Rc3 51. Rxc3 dxc3 52. Kg2 Nb2 53. Bc2 Bxa3 54. Bxa4 Nxa4 55. Bxa3 Nb2 56. Kf3 Nc4 57. Bc1 Nxe5+ 58. Ke4 Nc6 59. Kd3 Nb4+ 60. Kc4 Nd5 61. Bg5 Ke8 62. Kd4 Kd7 63. Ke5 c2 64. Kd4 Kd6 65. Bd2 e5+ 66. Kd3 Nf4+ 67. Kxc2 Nxh3 68. Kd3 Nf2+ 0-1

[Event "Oberliga Nord W 1617"]
[Site "Germany"]
[Date "2017.03.19"]
[Round "7.6"]
[White "Bade, Hans Juergen"]
[Black "Steingraeber, Kai Uwe"]
[Result "1-0"]
[WhiteElo "1999"]
[BlackElo "2131"]
[PlyCount "116"]
[EventDate "2016.10.16"]
[EventType "team-tourn"]
[EventRounds "9"]
[EventCountry "GER"]
[SourceTitle "EXT 2018"]
[Source "ChessBase"]
[SourceDate "2017.10.13"]
[SourceVersion "1"]
[SourceVersionDate "2017.10.13"]
[SourceQuality "1"]
[WhiteTeam "Hellern"]
[BlackTeam "Delmenhorst"]
[WhiteTeamCountry "GER"]
[BlackTeamCountry "GER"]

1. e4 c5 2. f4 d5 3. Nc3 dxe4 4. Nxe4 e6 5. Nf3 Nc6 6. b3 Nf6 7. Nf2 Nd5 8. Nd3 Qc7 9. g3 Bd7 10. Bb2 f6 11. c4 Ndb4 12. Nf2 Ne7 13. Bg2 0-0-0 14. 0-0 Nf5 15. a3 Nc6 16. b4 h5 17. Ne4 cxb4 18. axb4 Bxb4 19. c5 h4 20. Qb3 hxg3 21. hxg3 Nxg3 22. Nxg3 Qxf4 23. Ne2 Qe4 24. Nfd4 Qe5 25. Rxa7 Qh2+ 26. Kf2 Qh4+ 27. Kg1 Qh2+ 28. Kf2 Qh4+ 29. Kg1 Nxa7 30. Qxb4 Bc6 31. Nxc6 Qh2+ 32. Kf2 Nxc6 33. Qc3 Qh4+ 34. Kg1 Qh2+ 35. Kf2 Qh4+ 36. Kg1 Ne5 37. Ra1 Ng4 38. Ra8+ Kd7 39. Rxd8+ Rxd8 40. Qg3 Qh5 41. Qd6+ Ke8 42. Qxe6+ Kf8 43. c6 bxc6 44. Ba3+ c5 45. d4 Rxd4 46. Nxd4 Qh2+ 47. Kf1 Qf4+ 48. Nf3 Nh2+ 49. Kf2 Ng4+ 50. Ke2 g5 51. Bxc5+ Kg7 52. Bd6 Qa4 53. Nd2 Qb5+ 54. Ke1 Ne5 55. Qe7+ Kg6 56. Be4+ Kh5 57. Qh7+ Kg4 58. Qf5+ Kh4 1-0

[Event "Oberliga Nord W 1617"]
[Site "Germany"]
[Date "2017.02.19"]
[Round "6.6"]
[White "Von Estorff, Jacob"]
[Black "Bade, Hans Juergen"]
[Result "1/2-1/2"]
[WhiteElo "1922"]
[BlackElo "1999"]
[PlyCount "38"]
[EventDate "2016.10.16"]
[EventType "team-tourn"]
[EventRounds "9"]
[EventCountry "GER"]
[SourceTitle "EXT 2018"]
[Source "ChessBase"]
[SourceDate "2017.10.13"]
[SourceVersion "1"]
[SourceVersionDate "2017.10.13"]
[SourceQuality "1"]
[WhiteTeam "Uelzen Post"]
[BlackTeam "Hellern"]
[WhiteTeamCountry "GER"]
[BlackTeamCountry "GER"]

1. e4 e6 2. d4 d5 3. exd5 exd5 4. Bd3 Bd6 5. Ne2 Qh4 6. Ng3 Ne7 7. 0-0 Bg4 8. Qd2 Nbc6 9. c3 h6 10. b3 0-0-0 11. Ba3 Qf6 12. Bxd6 Qxd6 13. b4 g6 14. a4 Nf5 15. Nxf5 Bxf5 16. Na3 Bxd3 17. Qxd3 Rhe8 18. Rfe1 Qd7 19. Nc2 h5 1/2-1/2

[Event "Oberliga Nord W 1516"]
[Site "Germany"]
[Date "2016.04.10"]
[Round "9.6"]
[White "Wittje, Berthold"]
[Black "Bade, Hans Juergen"]
[Result "1/2-1/2"]
[WhiteElo "2223"]
[BlackElo "2029"]
[PlyCount "32"]
[EventDate "2015.09.20"]
[EventType "team-tourn"]
[EventRounds "9"]
[EventCountry "GER"]
[SourceTitle "EXT 2017"]
[Source "ChessBase"]
[SourceDate "2016.10.25"]
[SourceVersion "1"]
[SourceVersionDate "2016.10.25"]
[SourceQuality "1"]
[WhiteTeam "Oldenburg Union"]
[BlackTeam "Hellern"]
[WhiteTeamCountry "GER"]
[BlackTeamCountry "GER"]

1. Nf3 e6 2. g3 b6 3. Bg2 Bb7 4. c4 Nf6 5. Nc3 Be7 6. 0-0 0-0 7. b3 d6 8. Bb2 c5 9. d4 Nbd7 10. Re1 Ne4 11. Qc2 Nxc3 12. Bxc3 e5 13. Qb2 Nf6 14. dxc5 bxc5 15. Rad1 Qb6 16. Ng5 Bxg2 1/2-1/2

[Event "Oberliga Nord W 1516"]
[Site "Germany"]
[Date "2016.03.13"]
[Round "8.6"]
[White "Bade, Hans Juergen"]
[Black "Dede, Ruediger"]
[Result "0-1"]
[WhiteElo "2002"]
[BlackElo "1980"]
[PlyCount "62"]
[EventDate "2015.09.20"]
[EventType "team-tourn"]
[EventRounds "9"]
[EventCountry "GER"]
[SourceTitle "EXT 2017"]
[Source "ChessBase"]
[SourceDate "2016.10.25"]
[SourceVersion "1"]
[SourceVersionDate "2016.10.25"]
[SourceQuality "1"]
[WhiteTeam "Hellern"]
[BlackTeam "Stade"]
[WhiteTeamCountry "GER"]
[BlackTeamCountry "GER"]

1. e4 e5 2. Nf3 Nc6 3. Bc4 Nf6 4. d3 Be7 5. c3 0-0 6. 0-0 d5 7. exd5 Nxd5 8. Re1 Bf6 9. Nbd2 g6 10. Ne4 Bg7 11. Bg5 f6 12. Bh4 Kh8 13. d4 Nb6 14. Bb5 g5 15. Nfxg5 fxg5 16. Nxg5 Qd5 17. c4 Qxd4 18. Qh5 h6 19. Re4 Qxb2 20. Rd1 Kg8 21. Re2 Qb4 22. Bxc6 bxc6 23. Rxe5 Bf5 24. g4 hxg5 25. Rxf5 gxh4 26. Rg5 Rf7 27. Qxh4 Raf8 28. Qh6 Qb2 29. Rf1 Qf6 30. Rg6 Qf4 31. Qh5 Nxc4 0-1

[Event "Oberliga Nord W 1516"]
[Site "Germany"]
[Date "2016.01.17"]
[Round "5.6"]
[White "Bade, Hans Juergen"]
[Black "Schmidt, Alexander"]
[Result "0-1"]
[WhiteElo "2039"]
[BlackElo "2123"]
[PlyCount "58"]
[EventDate "2015.09.20"]
[EventType "team-tourn"]
[EventRounds "9"]
[EventCountry "GER"]
[SourceTitle "CBM 170 Extra"]
[Source "ChessBase"]
[SourceDate "2016.02.25"]
[SourceVersion "1"]
[SourceVersionDate "2016.02.25"]
[SourceQuality "1"]
[WhiteTeam "Hellern"]
[BlackTeam "Goettingen Tempo"]
[WhiteTeamCountry "GER"]
[BlackTeamCountry "GER"]

1. e4 c5 2. Nc3 Nc6 3. f4 g6 4. Nf3 Bg7 5. Bb5 Nd4 6. a4 a6 7. Bc4 d6 8. 0-0 e6 9. d3 Ne7 10. Nxd4 cxd4 11. Ne2 f5 12. Bb3 0-0 13. Kh1 Kh8 14. Qe1 Nc6 15. Ng1 Qf6 16. Nf3 h6 17. Bd2 Bd7 18. Qg3 Rae8 19. e5 dxe5 20. fxe5 Qf7 21. Bf4 g5 22. Bd2 f4 23. Qh3 Qg6 24. Qg4 Nxe5 25. Nxe5 Bxe5 26. h4 Rf5 27. Rae1 h5 28. Qh3 Bc6 29. Kg1 gxh4 0-1

[Event "Oberliga Nord W 1516"]
[Site "Germany"]
[Date "2015.11.15"]
[Round "3.7"]
[White "Jentsch, Dieter"]
[Black "Bade, Hans Juergen"]
[Result "0-1"]
[WhiteElo "2168"]
[BlackElo "2033"]
[PlyCount "102"]
[EventDate "2015.09.20"]
[EventType "team-tourn"]
[EventRounds "9"]
[EventCountry "GER"]
[SourceTitle "CBM 170 Extra"]
[Source "ChessBase"]
[SourceDate "2016.02.25"]
[SourceVersion "1"]
[SourceVersionDate "2016.02.25"]
[SourceQuality "1"]
[WhiteTeam "Wolfsburg"]
[BlackTeam "Hellern"]
[WhiteTeamCountry "GER"]
[BlackTeamCountry "GER"]

1. e4 e6 2. d4 d5 3. Nc3 dxe4 4. Nxe4 Bd7 5. Nf3 Bc6 6. Bd3 Nd7 7. 0-0 Ngf6 8. Ng3 Be7 9. c3 0-0 10. Ne5 Nxe5 11. dxe5 Qd5 12. f3 Qxe5 13. Re1 Bc5+ 14. Kh1 Qd5 15. Qe2 Rfd8 16. Bc2 Bb6 17. b3 Qc5 18. c4 Qf2 19. Bf4 Qxe2 20. Rxe2 Rd7 21. b4 a6 22. a4 Bd4 23. Ra2 Bc3 24. b5 axb5 25. Re3 Bd2 26. Rea3 b4 27. Bxd2 Rxd2 28. Rb3 Rad8 29. Rb1 b3 30. Bxb3 Rxa2 31. Bxa2 Bxa4 32. Kg1 Rd1+ 33. Rxd1 Bxd1 34. Kf2 Kf8 35. Ke3 c5 36. Kd2 Ba4 37. Ne2 Bc6 38. Nc3 g5 39. h3 h5 40. Ke3 h4 41. Bb1 Ke7 42. Bc2 Nh5 43. Bd3 Nf4 44. Bf1 f5 45. Kf2 Nh5 46. Bd3 Kd6 47. Ne2 Nf4 48. Bc2 Ke5 49. Bb3 Nxe2 50. Kxe2 Kd4 51. Kd2 e5 0-1

[Event "Oberliga Nord W 1516"]
[Site "Germany"]
[Date "2015.10.11"]
[Round "2.8"]
[White "Rust Lux, Klaus"]
[Black "Bade, Hans Juergen"]
[Result "1-0"]
[WhiteElo "2097"]
[BlackElo "2033"]
[PlyCount "67"]
[EventDate "2015.09.20"]
[EventType "team-tourn"]
[EventRounds "9"]
[EventCountry "GER"]
[SourceTitle "CBM 170 Extra"]
[Source "ChessBase"]
[SourceDate "2016.02.25"]
[SourceVersion "1"]
[SourceVersionDate "2016.02.25"]
[SourceQuality "1"]
[WhiteTeam "Bremer SG"]
[BlackTeam "Hellern"]
[WhiteTeamCountry "GER"]
[BlackTeamCountry "GER"]

1. d4 e6 2. c4 Nf6 3. Nc3 Bb4 4. a3 Bxc3+ 5. bxc3 0-0 6. e3 c5 7. Bd3 Qa5 8. Bd2 d6 9. Ne2 Nbd7 10. Ng3 Nb6 11. 0-0 Bd7 12. e4 Qa4 13. Qe2 cxd4 14. cxd4 d5 15. Bb4 Rfc8 16. e5 Ne8 17. c5 Nc4 18. f4 g6 19. f5 exf5 20. Bc2 Qc6 21. Bb3 a5 22. Bd2 Nxd2 23. Qxd2 Kg7 24. Rf2 h6 25. Raf1 Nc7 26. Bc2 Rh8 27. Qe3 b5 28. cxb6 Qxb6 29. Bxf5 gxf5 30. Nxf5+ Bxf5 31. Rxf5 Raf8 32. Rf6 Ne6 33. Qg3+ Ng5 34. Rxb6 1-0

[Event "Oberliga Nord W 1415"]
[Site "Germany"]
[Date "2015.04.12"]
[Round "9.6"]
[White "Bade, Hans Juergen"]
[Black "Rother, Moritz"]
[Result "1-0"]
[WhiteElo "2047"]
[BlackElo "2120"]
[PlyCount "93"]
[EventDate "2014.09.22"]
[EventType "team-tourn"]
[EventRounds "9"]
[EventCountry "GER"]
[SourceTitle "EXT 2016"]
[Source "ChessBase"]
[SourceDate "2015.10.08"]
[SourceVersion "1"]
[SourceVersionDate "2015.10.08"]
[SourceQuality "1"]
[WhiteTeam "Hellern"]
[BlackTeam "Goettingen Tempo"]
[WhiteTeamCountry "GER"]
[BlackTeamCountry "GER"]

1. e4 c5 2. Nc3 Nc6 3. f4 g6 4. Nf3 Bg7 5. Bb5 Nd4 6. 0-0 Nxb5 7. Nxb5 a6 8. Nc3 d6 9. a4 Nf6 10. d3 b6 11. Qe1 Bb7 12. Bd2 Qd7 13. Rb1 0-0 14. f5 d5 15. Qh4 dxe4 16. dxe4 gxf5 17. Bh6 Bxh6 18. Qxh6 Nxe4 19. Qxb6 Qc6 20. Qxc6 Bxc6 21. a5 Rfd8 22. Rfd1 Rxd1+ 23. Nxd1 Rd8 24. Ne3 Nd2 25. Nxd2 Rxd2 26. Rd1 Rxd1+ 27. Nxd1 Kg7 28. g3 Kf6 29. Kf2 Ke5 30. Ke3 Be4 31. c4 Bc2 32. Nc3 e6 33. Ne2 Be4 34. Nc3 Bc6 35. Ne2 Kf6 36. Nf4 Be4 37. Ne2 Kg5 38. Nc1 Bc2 39. Kd2 Bb1 40. Kc3 e5 41. Nb3 f4 42. gxf4+ Kxf4 43. Nxc5 Kf3 44. Nb3 e4 45. Nd2+ Kf2 46. Nxb1 e3 47. Na3 1-0

[Event "Oberliga Nord W 1415"]
[Site "Germany"]
[Date "2015.01.18"]
[Round "5.6"]
[White "Alm, Christopher"]
[Black "Bade, Hans Juergen"]
[Result "1/2-1/2"]
[WhiteElo "2124"]
[BlackElo "2047"]
[PlyCount "77"]
[EventDate "2014.09.22"]
[EventType "team-tourn"]
[EventRounds "9"]
[EventCountry "GER"]
[SourceTitle "EXT 2016"]
[Source "ChessBase"]
[SourceDate "2015.10.08"]
[SourceVersion "1"]
[SourceVersionDate "2015.10.08"]
[SourceQuality "1"]
[WhiteTeam "Hannover"]
[BlackTeam "Hellern"]
[WhiteTeamCountry "GER"]
[BlackTeamCountry "GER"]

1. c4 e6 2. g3 Nf6 3. Bg2 d5 4. Nf3 Be7 5. 0-0 c5 6. b3 Nc6 7. e3 dxc4 8. bxc4 Qd3 9. Qb3 Qd6 10. Rd1 e5 11. d3 0-0 12. Bb2 Bg4 13. h3 Bh5 14. Nc3 Rad8 15. Rd2 Rd7 16. Nh4 Bd8 17. Nd5 Re8 18. Nf5 Qe6 19. g4 Bg6 20. Nh4 e4 21. Nxg6 hxg6 22. Nxf6+ Bxf6 23. Bxe4 Na5 24. Qc2 Nxc4 25. dxc4 Rxd2 26. Qxd2 Qxe4 27. Bxf6 gxf6 28. Qd5 b6 29. Rd1 Kg7 30. Qxe4 Rxe4 31. Rc1 f5 32. gxf5 g5 33. Rc3 Kf6 34. f3 Rh4 35. Kg2 Kxf5 36. Kg3 f6 37. e4+ Ke5 38. Rd3 Rh7 39. Rd5+ 1/2-1/2

[Event "Oberliga Nord W 1415"]
[Site "Germany"]
[Date "2014.11.09"]
[Round "3.7"]
[White "Bade, Hans Juergen"]
[Black "Charmeteau, Sven"]
[Result "1-0"]
[WhiteElo "2047"]
[BlackElo "2218"]
[PlyCount "159"]
[EventDate "2014.09.22"]
[EventType "team-tourn"]
[EventRounds "9"]
[EventCountry "GER"]
[SourceTitle "EXT 2016"]
[Source "ChessBase"]
[SourceDate "2015.10.08"]
[SourceVersion "1"]
[SourceVersionDate "2015.10.08"]
[SourceQuality "1"]
[WhiteTeam "Hellern"]
[BlackTeam "Werder Bremen II"]
[WhiteTeamCountry "GER"]
[BlackTeamCountry "GER"]

1. e4 c5 2. Nc3 Nc6 3. g3 g6 4. Bg2 Bg7 5. d3 Rb8 6. Be3 d6 7. Qd2 b5 8. Nge2 b4 9. Nd1 e5 10. c3 bxc3 11. bxc3 h6 12. 0-0 Nf6 13. h3 Ba6 14. Kh2 Qc7 15. Rc1 Qa5 16. f4 exf4 17. gxf4 Ne7 18. Nf2 Nd7 19. Ng3 h5 20. Rfe1 0-0 21. f5 Qa3 22. Rc2 Bb5 23. Bh6 h4 24. Nh5 Be5+ 25. Kh1 Rfe8 26. fxg6 fxg6 27. Qg5 Nf8 28. Nf6+ Kf7 29. N2g4 Bxc3 30. Nxe8 Kxe8 31. Bxf8 Kxf8 32. Rf1+ Ke8 33. Nf6+ Bxf6 34. Qxf6 Kd7 35. Rc3 Qb4 36. Bf3 Nc8 37. Qf7+ Kc6 38. e5+ Kb6 39. Rb3 Qd4 40. Qc4 Ka5 41. Qxd4 cxd4 42. Re1 Nb6 43. exd6 Rd8 44. Re5 a6 45. Bc6 Rxd6 46. Bxb5 axb5 47. Rexb5+ Ka6 48. Kg2 Nd5 49. Rb8 Ka7 50. Kf3 Rd7 51. Kg4 Rh7 52. Rd8 Rh5 53. Rd7+ Ka8 54. Rd6 Ne3+ 55. Kf4 Ra5 56. Rxd4 Ng2+ 57. Kf3 Rxa2 58. Rg4 Ne1+ 59. Ke3 Nc2+ 60. Kf4 Nd4 61. Rb4 Ne6+ 62. Ke3 Rh2 63. Rxh4 g5 64. Rh6 Rh1 65. Rxe6 Re1+ 66. Kf3 Rxe6 67. Rb5 Rd6 68. Ke4 Re6+ 69. Re5 Rg6 70. Kf5 Rd6 71. Kxg5 Rxd3 72. h4 Kb7 73. h5 Kc6 74. h6 Kd6 75. Re4 Rg3+ 76. Rg4 Ra3 77. h7 Ra8 78. Kf6 Kd5 79. Rg8 Ra6+ 80. Kf5 1-0

[Event "Oberliga Nord W 1415"]
[Site "Germany"]
[Date "2014.09.22"]
[Round "1.7"]
[White "Bade, Hans Juergen"]
[Black "Rust Lux, Klaus"]
[Result "1/2-1/2"]
[WhiteElo "2047"]
[BlackElo "2104"]
[PlyCount "90"]
[EventDate "2014.09.22"]
[EventType "team-tourn"]
[EventRounds "9"]
[EventCountry "GER"]
[SourceTitle "EXT 2016"]
[Source "ChessBase"]
[SourceDate "2015.10.08"]
[SourceVersion "1"]
[SourceVersionDate "2015.10.08"]
[SourceQuality "1"]
[WhiteTeam "Hellern"]
[BlackTeam "Bremer SG"]
[WhiteTeamCountry "GER"]
[BlackTeamCountry "GER"]

1. e4 c5 2. Nc3 Nc6 3. Bb5 g6 4. f4 Bg7 5. Nf3 Nd4 6. 0-0 Nxb5 7. Nxb5 d6 8. d3 a6 9. Nc3 e6 10. Qe1 Ne7 11. Kh1 0-0 12. a4 b6 13. Bd2 Bb7 14. Rb1 Nc6 15. Ne2 Rc8 16. Bc3 f6 17. f5 exf5 18. exf5 Re8 19. fxg6 hxg6 20. Qf2 Ne5 21. Nxe5 dxe5 22. Qg3 g5 23. Qh3 Rc7 24. Ng3 Bc8 25. Nf5 Bxf5 26. Qxf5 c4 27. dxc4 Rxc4 28. Rbd1 Qc8 29. Rd7 Rf4 30. Rxf4 exf4 31. Qd3 Qc6 32. Rd8 Rxd8 33. Qxd8+ Kf7 34. Qd1 Qe4 35. h4 f3 36. Qxf3 Qxh4+ 37. Kg1 Qc4 38. Qb7+ Kg6 39. Qxb6 Qe2 40. Qf2 Qe6 41. Qd4 Bf8 42. g4 Bd6 43. Qd3+ Kg7 44. Qf3 Bf4 45. Kf2 Qb6+ 1/2-1/2

[Event "Dresden ZMD op 23rd"]
[Site "Dresden"]
[Date "2014.08.23"]
[Round "9"]
[White "Bade, Hans Juergen"]
[Black "Lipinsky, Markus"]
[Result "0-1"]
[WhiteElo "2028"]
[BlackElo "2142"]
[PlyCount "64"]
[EventDate "2014.08.15"]
[EventType "swiss"]
[EventRounds "9"]
[EventCountry "GER"]
[SourceTitle "CBM 161 Extra"]
[Source "ChessBase"]
[SourceDate "2014.08.29"]
[SourceVersion "1"]
[SourceVersionDate "2014.08.29"]
[SourceQuality "1"]

1. e4 c5 2. Nc3 d6 3. f4 Nc6 4. Nf3 g6 5. Bb5 Bd7 6. d4 cxd4 7. Nxd4 Bg7 8. Be3 Nf6 9. Nxc6 bxc6 10. Bd3 Ng4 11. Bg1 Qa5 12. Qd2 Rb8 13. Nd1 Qc7 14. h3 Nf6 15. Bd4 c5 16. Bc3 c4 17. e5 Nh5 18. exd6 exd6 19. Bxg7 Nxg7 20. Qc3 0-0 21. Bxc4 Rfe8+ 22. Kd2 d5 23. Bxd5 Qxf4+ 24. Ne3 Qf2+ 25. Kd1 Rxe3 26. Qc4 Rc8 27. Bxf7+ Qxf7 28. Qxf7+ Kxf7 29. Rf1+ Kg8 30. a4 Nf5 31. c3 Ng3 32. Rg1 Bf5 0-1

[Event "Dresden ZMD op 23rd"]
[Site "Dresden"]
[Date "2014.08.18"]
[Round "4"]
[White "Bade, Hans Juergen"]
[Black "Schulz, Petra"]
[Result "0-1"]
[WhiteElo "2028"]
[BlackElo "2098"]
[PlyCount "72"]
[EventDate "2014.08.15"]
[EventType "swiss"]
[EventRounds "9"]
[EventCountry "GER"]
[SourceTitle "CBM 161 Extra"]
[Source "ChessBase"]
[SourceDate "2014.08.29"]
[SourceVersion "1"]
[SourceVersionDate "2014.08.29"]
[SourceQuality "1"]

1. e4 e6 2. d4 d5 3. e5 c5 4. c3 Qb6 5. Nf3 Bd7 6. Be2 Bb5 7. 0-0 Bxe2 8. Qxe2 Qa6 9. Qd1 Nc6 10. dxc5 Bxc5 11. b4 Be7 12. a4 b5 13. Bb2 bxa4 14. Rxa4 Qb6 15. Qe2 Bd8 16. b5 Na5 17. Na3 Ne7 18. Ra1 0-0 19. Rg4 Nf5 20. Nc2 Be7 21. Ncd4 Nc4 22. Ra6 Qb7 23. Bc1 Bc5 24. Nxf5 exf5 25. Rxg7+ Kxg7 26. Nh4 Bb6 27. Nxf5+ Kh8 28. Bg5 f6 29. exf6 Qd7 30. Ne7 Qxb5 31. Qd3 Qxa6 32. h4 Bxf2+ 33. Kxf2 Rxf6+ 34. Bxf6+ Qxf6+ 35. Nf5 Rf8 36. g4 Ne5 0-1

[Event "Dresden ZMD op-A 21st"]
[Site "Dresden"]
[Date "2012.08.24"]
[Round "7"]
[White "Gebigke, Martin"]
[Black "Bade, Hans Juergen"]
[Result "1-0"]
[WhiteElo "2064"]
[BlackElo "1969"]
[PlyCount "103"]
[EventDate "2012.08.18"]
[EventType "swiss"]
[EventRounds "9"]
[EventCountry "GER"]
[SourceTitle "CBM 150 Extra"]
[Source "ChessBase"]
[SourceDate "2012.10.19"]
[SourceVersion "1"]
[SourceVersionDate "2012.10.19"]
[SourceQuality "1"]

1. d4 Nf6 2. c4 e6 3. Nc3 Bb4 4. Bd2 c5 5. d5 0-0 6. e3 Bxc3 7. Bxc3 Ne4 8. Bxg7 Kxg7 9. Qg4+ Kh8 10. Qxe4 Qa5+ 11. Kd1 d6 12. Nf3 f5 13. Qh4 Qc7 14. Qh6 Qe7 15. h4 e5 16. Be2 Rf6 17. Qg5 e4 18. Ng1 Qe5 19. Rb1 Rg6 20. Qh5 Rxg2 21. Nh3 Rg7 22. Ng5 Qe7 23. Kc2 Bd7 24. Bd1 Na6 25. a3 Nc7 26. Nh3 b5 27. Nf4 bxc4 28. Be2 Ba4+ 29. Kd2 Rb8 30. Bxc4 Qe5 31. b3 Bb5 32. Kc2 Be8 33. Qe2 Nb5 34. Bxb5 Bxb5 35. Qd2 Rgb7 36. Qc3 Qxc3+ 37. Kxc3 Ba4 38. Rhg1 Rxb3+ 39. Rxb3 Rxb3+ 40. Kd2 Rb2+ 41. Kc1 Rc2+ 42. Kb1 Rxf2 43. Rg5 Bd7 44. h5 Rh2 45. Ne6 Rf2 46. h6 Bb5 47. Rg7 a6 48. Ng5 Be8 49. Re7 Bg6 50. Ra7 Kg8 51. Ra8+ Be8 52. Rxe8# 1-0

[Event "Dresden ZMD op-A 21st"]
[Site "Dresden"]
[Date "2012.08.20"]
[Round "3"]
[White "Bade, Hans Juergen"]
[Black "Smith, Thijmen"]
[Result "0-1"]
[WhiteElo "1969"]
[BlackElo "2148"]
[PlyCount "160"]
[EventDate "2012.08.18"]
[EventType "swiss"]
[EventRounds "9"]
[EventCountry "GER"]
[SourceTitle "CBM 150 Extra"]
[Source "ChessBase"]
[SourceDate "2012.10.19"]
[SourceVersion "1"]
[SourceVersionDate "2012.10.19"]
[SourceQuality "1"]

1. e4 c5 2. Nf3 d6 3. Bb5+ Bd7 4. Bxd7+ Qxd7 5. 0-0 Nc6 6. Re1 Nf6 7. c3 e6 8. d4 cxd4 9. cxd4 d5 10. e5 Ne4 11. Nbd2 Nxd2 12. Bxd2 Be7 13. h4 Qd8 14. Bg5 Bxg5 15. hxg5 h6 16. g6 fxg6 17. Qd3 Kf7 18. b4 Rg8 19. b5 Ne7 20. Rec1 Rc8 21. Rxc8 Qxc8 22. Qa3 Qb8 23. Rc1 Rc8 24. Rc5 b6 25. Rxc8 Nxc8 26. Qc3 Ne7 27. Ne1 Qc8 28. Qxc8 Nxc8 29. Nd3 Ne7 30. Nb4 h5 31. g4 hxg4 32. Kf1 Ke8 33. Ke2 Nf5 34. Nc6 Kd7 35. Kd3 a5 36. Ke2 g3 37. Kf3 gxf2 38. Kxf2 Nh4 39. Kg3 Nf5+ 40. Kf3 g5 41. a4 Nh6 42. Nb8+ Ke8 43. Nc6 g4+ 44. Kf4 g5+ 45. Kg3 Kd7 46. Nb8+ Kc8 47. Nc6 Kc7 48. Kg2 Nf5 49. Kf2 Kd7 50. Nb8+ Ke8 51. Nc6 Ne7 52. Na7 Kd7 53. Kg3 Nf5+ 54. Kxg4 Nxd4 55. Kxg5 Kc7 56. Kf6 Kb7 57. Nc6 Nxc6 58. bxc6+ Kc7 59. Kxe6 d4 60. Kf6 d3 61. e6 d2 62. e7 d1Q 63. e8Q Qf3+ 64. Kg5 Qg2+ 65. Kf4 Qxc6 66. Qf7+ Kd6 67. Qf6+ Kd5 68. Qf5+ Kd4 69. Qe5+ Kc4 70. Qe2+ Kb4 71. Qb2+ Kxa4 72. Ke3 Qc5+ 73. Kd3 Qb5+ 74. Kc3 Qxb2+ 75. Kxb2 Kb4 76. Ka2 Kc3 77. Kb1 Kb3 78. Ka1 Kc2 79. Ka2 b5 80. Ka1 b4 0-1